| 000 | 00604nam a2200193 i 4500 | ||
|---|---|---|---|
| 001 | 104935 | ||
| 003 | ES-MaACL | ||
| 005 | 20230906183728.0 | ||
| 007 | t| | ||
| 008 | 060530s1921 fr ||||1| fre d | ||
| 080 | _a821.133.1-23"18" | ||
| 100 | 1 |
_aRostand, Edmond. _999921 |
|
| 245 | 1 | 3 |
_aLa dernière nuit de don Juan _b: poème dramatique en deux parties et un prologue / _cEdmond Rostand. |
| 250 | _a1er. ed. | ||
| 260 |
_aParis : _bCharpentier et Fasquelle, _c1921. |
||
| 300 |
_a141 p. ; _c21 cm. |
||
| 500 | _aBiblioteca Jacinto Martínez Lacalle. | ||
| 852 |
_aES-MaACL _jE-11330 _bR.139019 |
||
| 999 |
_c104935 _d104935 |
||